Pilote motoGP vainqueur d'un GP depuis 2010 - Statistiques

Statistiques générales
  • Ce quiz a été pris 517 fois
    98 depuis la dernière actualisation
  • Le résultat moyen est 22 sur 28
Statistiques - réponses
Nbr victoires Pilote MotoGP Équipe Pays % Correct
14 (2) Alex Marquez Gresini Team Espagne
100%
99 (73) Marc Marquez Honda Repsol ; Ducati Gresini ; Ducati Team Espagne
100%
115 (89) Valentino Rossi Yamaha Factory Italie
99%
12 (11) Fabio Quartararo Yamaha Petronas ; Yamaha Factory France
97%
68 (47) Jorge Lorenzo Yamaha Factory ; Ducati Team Espagne
97%
41 (31) Francesco Bagnaïa Ducati Team Italie
93%
18 (2) Johann Zarco Ducati Pramac France
93%
54 (31) Dani Pedrosa Honda Repsol Espagne
89%
12 (1) Joan Mir Suzuki Team Espagne
89%
18 (6) Alex Rins Suzuki Team ; LCR Honda Espagne
87%
17 (2) Brad Binder KTM Factory Afrique du Sud
87%
18 (8) Jorge Martin Ducati Pramac Espagne
87%
10 (4) Jack Miller Honda Marc VDS ; Ducati Team Australie
84%
45 (38) Casey Stoner Ducati Team ; Honda Repsol Australie
83%
22 (10) Maverick Viñales Suzuki Team ; Yamaha Factory ; Aprilia Racing Espagne
80%
13 (7) Enea Bastianini Ducati Gresini ; Ducati Team Italie
76%
11 (3) Franco Morbidelli Yamaha Petronas Italie
76%
3 Aleix Espargaro Aprilia Racing Espagne
74%
10 (4) Marco Bezzecchi Ducati VR46 Italie
74%
17 (5) Miguel Oliveira KTM Tech3 ; KTM Factory Portugal
72%
4 (1) Fabio DiGiannantonio Ducati Gresini Italie
70%
11 (1) Raul Fernandez Aprilia Trackhouse Espagne
68%
24 (15) Andrea Dovizioso Ducati Team Italie
66%
9 (1) Fermin Aldeguer Ducati Gresini Espagne
66%
3 Cal Crutchlow LCR Honda Royaume-Uni
51%
2 Danilo Petrucci Ducati Team Italie
42%
13 (1) Andrea Iannone Ducati Team Italie
36%
1 Ben Spies Yamaha Factory USA
26%
Aucun quiz correspondant
Distribution des résultats
% des personnes avec chaque résultat
Percentile par nombre de réponses
Votre historique - résultats
Vous n’avez pas pris ce quiz depuis la dernière actualisation